Państwa wzdłuż kibli z Warszawy - Statystyki

Ogólne statystyki
  • Ten quiz został rozwiązany 56 razy
  • Średni wynik to 8 z 9
Statystyki odpowiedzi
Odpowiedź % Poprawnych
Ukraina
98%
Turcja
96%
Arabia Saudyjska
90%
Izrael
90%
Rumunia
90%
Bułgaria
88%
Jordania
80%
Polska
78%
Cypr
68%
Nie znaleziono quizów pasujących do podanych kryteriów
Rozkład punktacji
Procent ludzi z każdym wynikiem
Percentyl według liczby udzielonych odpowiedzi
Twoja historia wyników
Nie rozwiązałeś tego quizu